000 00569nam a2200205Ia 4500
003 GCL
008 140319s9999 xx 000 0 ara d
040 _aGCL /
_cGCL
082 0 4 _aط
_b229.5
_bا ا
100 1 _aاحمد بهجت
245 1 0 _aاهل الكهف /
_cاحمد بهجت
700 1 _aمصطفى حسين
260 _a[S.N] :
_bلا يوجد
490 _aقصص القران
_v0
650 0 4 _aالاطفال
650 0 4 _aقصص الاطفال
650 0 4 _aالقصص الدينية
650 0 4 _aالقصص القرآنية
942 _2ddc
_cBK
999 _c36301
_d36301